000 00551nam a2200181Ia 4500
008 090124s9999 xx 000 0 und d
082 _b20414
_a6393
100 _aसहस्त्रबुध्दे नलिनी
245 _a राजमाता
250 _a1
260 _c1974
300 _a536
600 _aसहस्त्रबुध्दे नलिनी
630 _a राजमाता
700 _aसहस्त्रबुध्दे नलिनी
730 _a राजमाता
942 _cBOOK
999 _c134220
_d134220